Első díj
Elmentve itt :
| Dokumentumtípus: | Cikk |
|---|---|
| Megjelent: |
1974-06-13
|
| Sorozat: | Délmagyarország
64 No. 136 |
| Kulcsszavak: | Csala Károly |
| Online Access: | http://dmarchiv.bibl.u-szeged.hu/92726 |
| LEADER | 00379nab a2200145 i 4500 | ||
|---|---|---|---|
| 001 | delm92726 | ||
| 005 | 20190412150056.0 | ||
| 008 | 190412s1974 hu o 0|| hun d | ||
| 040 | |a SZTE Délmagyarország Archívum |b hun | ||
| 041 | |a hun | ||
| 245 | 0 | 0 | |a Első díj |h [elektronikus dokumentum] |
| 260 | |c 1974-06-13 | ||
| 300 | |a 8 | ||
| 490 | 0 | |a Délmagyarország |v 64 No. 136 | |
| 695 | |a Csala Károly | ||